Autodesk maya 8 unlimited : panduan intensif pemodelan dan animasi

Bibliographic Details
Main Author: Rosli Ab Ghani
Other Authors: Haziiq
Format: Book
Language:Malay
Published: Selangor : Venton pub. , 2007
Subjects:

MARC

LEADER 00000cam a2200000 7i4500
001 0000024016
005 20111219.0
008 110909s my a e may
020 |a 9789833526611 
040 |a INS 
090 0 0 |a CD 450 
100 0 |a Rosli Ab Ghani 
245 1 0 |a Autodesk maya 8 unlimited :   |b panduan intensif pemodelan dan animasi   |c Rosli Ab Ghani dan Haziiq [  |h sumber elektronik] 
260 |a Selangor :   |b Venton pub. ,   |c 2007 
300 |a 2 cakera komputer optikal :   |b by., wrn., il. ;   |c 4 3/4 in. 
630 0 0 |a Maya (Computer file) 
650 0 |a Computer animation 
650 0 |a Three-dimension display systems 
700 0 |a Haziiq 
999 |a CD00000450   |b CD-ROM   |c Media Collection   |e Default branch